| 000 | 00828cam a22002652 4500 | ||
|---|---|---|---|
| 999 |
_c18332 _d18332 |
||
| 001 | 0000013132 | ||
| 003 | OSt | ||
| 005 | 20200722155954.0 | ||
| 008 | 090610s xx 000 0 eng d | ||
| 020 | _a1292024992 | ||
| 040 |
_aKABU _cKABU |
||
| 050 |
_aQA276 _b.H64 2014 c. 1 |
||
| 100 | 1 | _aHogg, Robert V. | |
| 245 | 1 | 0 |
_aIntroduction to mathematical statistics / _cRobert V. Hogg, Joseph W. McKean, Allen T. Craig. |
| 250 | _a7th ed. | ||
| 260 |
_aEngland _bPearson Education Limited _c2014 |
||
| 300 | _a649 p. | ||
| 650 | 0 | _aMathematical statistics. | |
| 700 | 1 | _aMcKean, Joseph W. | |
| 700 | 1 | _aCraig, Allen T. | |
| 908 | _a090610 | ||
| 942 |
_2lcc _cBK _hQA276 |
||